[Event "Veneto Region-ch"]
[Site "Arqua Petrarca"]
[Date "2006.05.07"]
[Round "2"]
[White "Troise, Salvatore"]
[Black "De Marchi, Alessandro"]
[Result "1-0"]
[WhiteElo "1679"]
[BlackElo "1600"]
[PlyCount "54"]
[EventDate "2006.05.06"]
[EventType "swiss"]
[EventRounds "6"]
[EventCountry "ITA"]
[SourceTitle "EXT 2011"]
[Source "ChessBase"]
[SourceDate "2010.11.26"]
[SourceVersion "1"]
[SourceVersionDate "2010.11.26"]
[SourceQuality "1"]

1. e4 c5 2. Nf3 d6 3. d4 cxd4 4. Nxd4 Nf6 5. Nc3 a6 6. Be2 Nc6 7. Be3 e6 8. 0-0 Be7 9. f4 Bd7 10. Qe1 Nxd4 11. Bxd4 Bc6 12. Qg3 g6 13. Rad1 0-0 14. Bf3 Qa5 15. a3 Nh5 16. Qf2 e5 17. Bb6 Bh4 18. g3 Qxb6 19. Qxb6 Bd8 20. Qe3 exf4 21. gxf4 Bc7 22. Bxh5 gxh5 23. Nd5 Bb8 24. Qc3 Ba7+ 25. Kh1 f6 26. Ne7+ Kf7 27. Nxc6 Rfc8 1-0

[Event "Veneto Region-ch"]
[Site "Arqua Petrarca"]
[Date "2006.05.06"]
[Round "1"]
[White "Ravagnani, Tiziano"]
[Black "Troise, Salvatore"]
[Result "1/2-1/2"]
[WhiteElo "2055"]
[BlackElo "1679"]
[PlyCount "31"]
[EventDate "2006.05.06"]
[EventType "swiss"]
[EventRounds "6"]
[EventCountry "ITA"]
[SourceTitle "EXT 2011"]
[Source "ChessBase"]
[SourceDate "2010.11.26"]
[SourceVersion "1"]
[SourceVersionDate "2010.11.26"]
[SourceQuality "1"]

1. e4 c5 2. Nf3 Nc6 3. d4 cxd4 4. Nxd4 e5 5. Nb5 d6 6. c4 a6 7. N5c3 Nf6 8. Be2 Be7 9. Be3 0-0 10. 0-0 Be6 11. Nd2 Nd4 12. Nd5 Nxe2+ 13. Qxe2 Nxd5 14. exd5 Bd7 15. f4 f5 16. Nf3 1/2-1/2

[Event "Padova op-B 3rd"]
[Site "Padova"]
[Date "2000.12.09"]
[Round "4.14"]
[White "Troise, Salvatore"]
[Black "Di Giacomo, Antonio"]
[Result "0-1"]
[WhiteElo "1648"]
[BlackElo "1633"]
[PlyCount "59"]
[EventDate "2000.12.02"]
[EventType "swiss"]
[EventRounds "6"]
[EventCountry "ITA"]
[SourceTitle "EXT 2024"]
[Source "ChessBase"]
[SourceDate "2023.10.10"]
[SourceVersion "1"]
[SourceVersionDate "2023.10.10"]
[SourceQuality "1"]

1. e4 e5 2. Nf3 d6 3. d4 Nd7 4. Bc4 c6 5. dxe5 Nxe5 6. Nxe5 Qa5+ 7. Nc3 dxe5 8. 0-0 Nf6 9. Bg5 Be7 10. Bxf6 Bxf6 11. Qh5 0-0 12. Rad1 Qb4 13. Bb3 Qe7 14. f4 Be6 15. fxe5 Qc5+ 16. Kh1 Qxe5 17. Qxe5 Bxe5 18. Rd3 Rad8 19. Nd1 Bxb3 20. Rxb3 b6 21. Rbf3 f6 22. c3 Bb8 23. Re3 Rf7 24. g3 Re7 25. Rfe1 Bd6 26. Kg2 Kf7 27. Kf3 h5 28. h3 g5 29. b4 b5 30. Nf2 0-1

[Event "Padova op-B 3rd"]
[Site "Padova"]
[Date "2000.12.03"]
[Round "3.18"]
[White "Alba, Riccardo"]
[Black "Troise, Salvatore"]
[Result "0-1"]
[WhiteElo "1500"]
[BlackElo "1648"]
[PlyCount "54"]
[EventDate "2000.12.02"]
[EventType "swiss"]
[EventRounds "6"]
[EventCountry "ITA"]
[SourceTitle "EXT 2024"]
[Source "ChessBase"]
[SourceDate "2023.10.10"]
[SourceVersion "1"]
[SourceVersionDate "2023.10.10"]
[SourceQuality "1"]

1. e4 c5 2. Nf3 Nc6 3. d4 cxd4 4. Nxd4 e5 5. Nxc6 bxc6 6. c4 Nf6 7. Bd3 Be7 8. Be3 d6 9. Nc3 Ng4 10. Qd2 Nxe3 11. Qxe3 0-0 12. 0-0 Bg5 13. Qg3 Bf4 14. Qf3 Qg5 15. Be2 f5 16. Qd3 Qg6 17. Bf3 fxe4 18. Bxe4 Bf5 19. Rad1 Rad8 20. h3 Bg5 21. Qe2 Bxe4 22. Nxe4 Be7 23. Rd2 Rf4 24. Re1 Rdf8 25. Qe3 c5 26. Kf1 Qe6 27. b3 g5 0-1

[Event "Padova op-B 3rd"]
[Site "Padova"]
[Date "2000.12.02"]
[Round "1.25"]
[White "Lucisano, Pierbasilio"]
[Black "Troise, Salvatore"]
[Result "1-0"]
[WhiteElo "1485"]
[BlackElo "1648"]
[PlyCount "83"]
[EventDate "2000.12.02"]
[EventType "swiss"]
[EventRounds "6"]
[EventCountry "ITA"]
[SourceTitle "EXT 2024"]
[Source "ChessBase"]
[SourceDate "2023.10.10"]
[SourceVersion "1"]
[SourceVersionDate "2023.10.10"]
[SourceQuality "1"]

1. e4 c5 2. c3 d5 3. exd5 Qxd5 4. d4 Nc6 5. Nf3 cxd4 6. cxd4 Nxd4 7. Nxd4 e5 8. Nc3 Bb4 9. Qa4+ Bd7 10. Qxb4 Qxd4 11. Qxd4 exd4 12. Nb5 Bxb5 13. Bxb5+ Kf8 14. 0-0 a6 15. Bd3 Re8 16. Bd2 g6 17. Rac1 Kg7 18. Rc7 b5 19. Ra7 Re6 20. Re1 Rb6 21. Rd7 Nf6 22. Rxd4 Rc8 23. Bc3 Kg8 24. h3 Rbc6 25. Rd1 Re6 26. Bf1 Rce8 27. Rd8 Ne4 28. Rxe8+ Rxe8 29. Re1 Re6 30. f3 Nxc3 31. Rxe6 fxe6 32. bxc3 Kf7 33. Kf2 Kf6 34. Ke3 Ke5 35. Bd3 Kd5 36. h4 e5 37. g4 Kc5 38. Ke4 Kd6 39. Bc2 a5 40. Bb3 h6 41. g5 hxg5 42. hxg5 1-0

[Event "Padova op-A 1st"]
[Site "Padova"]
[Date "1998.12.19"]
[Round "4.15"]
[White "Troise, Salvatore"]
[Black "Pomaro, Stefano"]
[Result "0-1"]
[WhiteElo "1504"]
[BlackElo "1673"]
[PlyCount "114"]
[EventDate "1998.12.12"]
[EventType "swiss"]
[EventRounds "6"]
[EventCountry "ITA"]
[SourceTitle "EXT 2023"]
[Source "ChessBase"]
[SourceDate "2022.10.05"]
[SourceVersion "1"]
[SourceVersionDate "2022.10.05"]
[SourceQuality "1"]

1. e4 c6 2. d4 d5 3. exd5 cxd5 4. c4 Nf6 5. Nc3 Nc6 6. Nf3 Bg4 7. Bf4 Qa5 8. a3 Ne4 9. b4 Nxc3 10. bxa5 Nxd1 11. Rxd1 Bxf3 12. gxf3 0-0-0 13. cxd5 Rxd5 14. Bc4 Rf5 15. Bg3 e6 16. a6 Bxa3 17. axb7+ Kxb7 18. 0-0 Rd8 19. Rb1+ Bb4 20. Bd3 Rfd5 21. Be4 Rxd4 22. Rfc1 Rc8 23. Be5 Rxe4 24. fxe4 a5 25. Bd6 Ra8 26. Rc4 Ra6 27. Bf8 Ne5 28. Rc5 Nd7 29. Rb5+ Kc6 30. R5xb4 axb4 31. Bxg7 Kb5 32. Bc3 Ra4 33. Kf1 Nc5 34. f3 Kc4 35. Bf6 Nb3 36. Ke2 Ra2+ 37. Bb2 Nd4+ 38. Ke3 Nc2+ 39. Kf4 b3 40. Ke5 Nb4 41. Kf6 Nd3 42. Bc1 Nxc1 43. Rxc1+ Rc2 44. Rb1 b2 45. Kxf7 Kc3 46. Kxe6 Rxh2 47. e5 Kc2 48. Rf1 b1Q 49. Rxb1 Kxb1 50. f4 h5 51. f5 h4 52. f6 h3 53. Ke7 Rf2 54. e6 h2 55. f7 h1Q 56. f8Q Qb7+ 57. Ke8 Qc8+ 0-1

[Event "Padova op-A 1st"]
[Site "Padova"]
[Date "1998.12.12"]
[Round "1.20"]
[White "Trangoni, Bruno"]
[Black "Troise, Salvatore"]
[Result "1-0"]
[WhiteElo "1650"]
[BlackElo "1504"]
[PlyCount "79"]
[EventDate "1998.12.12"]
[EventType "swiss"]
[EventRounds "6"]
[EventCountry "ITA"]
[SourceTitle "EXT 2023"]
[Source "ChessBase"]
[SourceDate "2022.10.05"]
[SourceVersion "1"]
[SourceVersionDate "2022.10.05"]
[SourceQuality "1"]

1. e4 c5 2. Nc3 d6 3. f4 Nc6 4. Nf3 Nf6 5. Be2 g6 6. 0-0 Bg7 7. d3 0-0 8. Rb1 Bd7 9. a3 Rc8 10. h3 Qc7 11. Be3 a6 12. Qe1 b5 13. Qh4 h5 14. Ng5 Nd4 15. Bd1 Ne6 16. g4 Nxg5 17. fxg5 Nh7 18. Nd5 Qd8 19. gxh5 e6 20. Nf6+ Bxf6 21. gxf6 Kh8 22. Bh6 Rg8 23. Bg7+ Rxg7 24. fxg7+ Kxg7 25. Qxd8 Rxd8 26. hxg6 Kxg6 27. Bg4 Rh8 28. Rf2 Ng5 29. Rg2 f5 30. exf5+ exf5 31. Bf3 Rxh3 32. Bd5 Kf6 33. Rf1 Rh4 34. Rh2 Nh3+ 35. Kh1 Ke5 36. Bg2 f4 37. Rf3 Bc6 38. Rfxh3 Rxh3 39. Rxh3 Kd4 40. Bxc6 1-0